000
00276nam a22001217a 4500
999
_c
12345
_d
12345
020
_a
9781787403970
082
_a
657
100
_a
ACCA-British Library
245
_a
ACCA-PERFORMANCE MANAGEMENT
260
_a
UK
_b
Kaplan Publishing
_c
2019
300
_a
491 pages.
942
_c
BK